Filosofía de la realidad histórica
Gespeichert in:
| 1. Verfasser: | |
|---|---|
| Format: | Buch |
| Sprache: | Spanisch |
| Veröffentlicht: |
Madrid
Trotta
1991
|
| Ausgabe: | 1a. ed |
| Schlagworte: | |
| Tags: |
Tag hinzufügen
Keine Tags, Fügen Sie den ersten Tag hinzu!
|
MARC
| LEADER | 00000cam a2200000 a 4500 | ||
|---|---|---|---|
| 001 | UCE8653 | ||
| 003 | CL-VaPUC | ||
| 008 | 150827e19910000sp |||||||||||||||||spa|d | ||
| 020 | |a 848769909X | ||
| 082 | 0 | 4 | |a 261.8 |b ELL |2 21 |
| 100 | |a Ellacuría, Ignacio |e author |9 581385 | ||
| 245 | 1 | 0 | |a Filosofía de la realidad histórica |
| 250 | |a 1a. ed | ||
| 300 | |a 478 p | ||
| 942 | |c BK | ||
| 945 | |d 20150827 16:13:00 |a dcastane | ||
| 260 | |a Madrid |b Trotta |c 1991 | ||
| 650 | 0 | |a Teología de la liberación |9 255471 | |
| 650 | 0 | |a Iglesia Católica |9 256114 | |
| 583 | |a last modification |c 20150827 16:13:00 |k Rodrigo Vera | ||
| 999 | |c 360445 |d 360443 | ||
| 952 | |0 0 |1 0 |3 erb |4 0 |6 261_800000000000000_ELL_1991 |7 0 |8 A |9 470277 |a BIBTEO |b BIBTEO |i 519508K |o 261.8 ELL 1991 |p 519508K |r 2025-01-17 |w 2019-11-23 |y BK |z Catalogado en:20150827 |k ICR | ||